000 00653nam a2200205 i 4500
001 21860
003 ES-MaACL
005 20251222213656.0
007 t|
008 021128s1964 sp ||||1| spa d
100 1 _aAlcolea Gil, Santiago,
_d1919-2008
_9145493
245 1 0 _aSoria y su provincia /
_c[Santiago Alcolea Gil].
260 _aBarcelona :
_bAries,
_c[1964]
300 _a208 p. :
_bil. ;
_c17 cm.
490 1 _aGuías artísticas de España
651 _aSoria (Provincia)-
_vGuías turísticas.
_9171951
830 0 _aGuías artísticas de España
_9180778
852 _aES-MaACL
_jC-27050
_bR.54453
999 _c21860
_d21860